Central Library OPAC University of Rajshahi

Health promotion : (Record no. 52969)

MARC details
000 -LEADER
fixed length control field 00758nam a2200241 a 4500
001 - CONTROL NUMBER
control field 52969
003 - CONTROL NUMBER IDENTIFIER
rucl marc code BD-RjUL
005 - DATE AND TIME OF LATEST TRANSACTION
control field 20211209075904.0
008 - FIXED-LENGTH DATA ELEMENTS--GENERAL INFORMATION
fixed length control field 161001s2005 enka b 001 0 eng d
020 ## - INTERNATIONAL STANDARD BOOK NUMBER
International Standard Book Number 0761940057
035 ## - SYSTEM CONTROL NUMBER
System control number (BD-RjUL)53089
040 ## - CATALOGING SOURCE
Original cataloging agency NLM
Transcribing agency NLM
Modifying agency BD-RjUL
Language of cataloging eng
041 ## - LANGUAGE CODE
Language code of text/sound track or separate title eng
082 00 - DEWEY DECIMAL CLASSIFICATION NUMBER
Classification number 613
Edition number 22
Author mark and year LUH 2005
100 1# - MAIN ENTRY--PERSONAL NAME
Personal name Lucas, Kevin,
Dates associated with a name 1954-
9 (RLIN) 158334
245 10 - TITLE STATEMENT
Title Health promotion :
Remainder of title evidence and experience /
Statement of responsibility, etc. Kevin Lucas, Barbara Lloyd.
260 ## - PUBLICATION, DISTRIBUTION, ETC. (IMPRINT)
Place of publication, distribution, etc. London :
Name of publisher, distributor, etc. SAGE Publications,
Date of publication, distribution, etc. 2005.
300 ## - PHYSICAL DESCRIPTION
Pagination vi, 168 p. :
Illustrations ill. ;
Size 24 cm.
504 ## - BIBLIOGRAPHY, ETC. NOTE
Bibliography, etc Includes bibliographical references and indexes.
650 #0 - SUBJECT ADDED ENTRY--TOPICAL TERM
Topical term or geographic name as entry element Health promotion.
9 (RLIN) 158335
700 1# - ADDED ENTRY--PERSONAL NAME
Personal name Lloyd, Barbara B.
Fuller form of name (Barbara Bloom),
Dates associated with a name 1933-
942 ## - ADDED ENTRY ELEMENTS (KOHA)
Source of classification or shelving scheme Dewey Decimal Classification
Koha item type Books
Holdings
Lost status Source of classification or shelving scheme Damaged status Not for loan Collection code Permanent Location Current Location Shelving location Date acquired Source of acquisition Cost, normal purchase price Total Checkouts Full call number Date last seen Copy number Koha item type
  Dewey Decimal Classification     Non-fiction Central Library, University of Rajshahi Central Library, University of Rajshahi   28/02/2008 Dhaka,Paragon Enterprise Lit., 18.99   613 LUH 2005 01/10/2016 C-2 Books
  Dewey Decimal Classification   Not For Loan Non-fiction Central Library, University of Rajshahi Central Library, University of Rajshahi Reading Room 28/02/2008 Dhaka, Paragon Enterprise ltd. 18.99   613 LUH 2005 22/03/2017 C-1 Books